000 00673nam a2200277Ia 4500
005 20260324134623.0
008 008 260324s9999 xx 000 0 eng d
020 _a9781315786094
037 _aEBOOK
040 _aCRL
040 _beng
040 _cCRL
041 _2eng
041 _aeng
084 _qCRL
100 _aRichard L Dayringer; H Newton Malony
_91197513
245 0 _aPastoral Care and Counseling in Sexual Diversity
260 _bTaylor and Francis
260 _c2001
365 _a
365 _b195
856 _uhttp://www.taylorfrancis.com/books/9781315786094
942 _cEBOOK
999 _c1797788
_d1797788